Динамическое равновесие физического маятника при гармонической вибрации точки подвеса; Новейшие технологии в приборостроении

Bibliographic Details
Parent link:Новейшие технологии в приборостроении.— 1999.— С. 15-18.
Main Author: Копытов В. И.
Language:Russian
Published: 1999
Subjects:
Format: Book Chapter
KOHA link:https://koha.lib.tpu.ru/cgi-bin/koha/opac-detail.pl?biblionumber=49422

MARC

LEADER 00000naa2a2200000 4500
001 49422
005 20231031032603.0
035 |a (RuTPU)RU\TPU\book\51744 
035 |a RU\TPU\tpu\9784 
090 |a 49422 
100 |a 20030401d1999 k y0rusy50 ca 
101 0 |a rus 
102 |a RU 
200 1 |a Динамическое равновесие физического маятника при гармонической вибрации точки подвеса  |f В. И. Копытов 
320 |a Библиогр.: 5 назв. 
463 1 |0 (RuTPU)RU\TPU\book\13653  |t Новейшие технологии в приборостроении  |o Научные труды Российской научно-технической конференции  |f ТПУ  |h Ч.1  |v С. 15-18.  |d 1999  |p 81с 
610 1 |a труды учёных ТПУ 
675 |a 681.2(063)  |v 3 
700 1 |a Копытов  |b В. И. 
801 1 |a RU  |b 63413507  |c 20021016  |g PSBO 
801 2 |a RU  |b 63413507  |c 20070924  |g PSBO 
942 |c BK